[Event "Winter Series, S50081"]
[Site "CCLA"]
[Date "2015.01.28"]
[Round "?"]
[White "Martindale, Roger"]
[Black "Lyons, Gage W."]
[Result "1/2-1/2"]
[WhiteElo "1174"]
[BlackElo "1205"]

1. e4 e5 2. Nf3 Bd6 3. c4 b6 4. Nc3 Nc6 5. d3 Bb7 6. a3 Nd4 7. b4 Nf6 8. 
Nd5 Nxd5 9. cxd5 Nxf3+ 10. Qxf3 O-O 11. Qg3 Qf6 12. Bg5 Qg6 13. Be2 f6 14.
 Bh4 Qxg3 15. hxg3 c6 16. Bg4 g5 17. Bxd7 gxh4 18. Be6+ Kh8 19. Rxh4 Bc8 
20. Kd2 Bxe6 21. dxe6 Rae8 22. Rah1 Re7 23. g4 Rg8 24. f3 Rgg7 25. Rh6 
Rxe6 26. R1h5 c5 27. g5 Be7 28. g6 Kg8 29. gxh7+ Kh8 30. g4 Bd8 31. g5 Rc6
32. Rh4 Rcc7 33. gxf6 Rxh7 34. f4 exf4 35. Rxh7+ Rxh7 36. Rxf4 Kg8 37. e5 
cxb4 38. axb4 Kf7 39. Rd4 Bxf6 40. exf6 Kxf6 41. Rf4+ 1/2-1/2

[Event "2015 Server Team Champ - Div 4, S54999"]
[Site "CCLA"]
[Date "2015.10.28"]
[Round "?"]
[White "Martindale, Roger"]
[Black "Lyons, Anthony W."]
[Result "1-0"]
[WhiteElo "1174"]
[BlackElo "1235"]
[Board "4"]
[WhiteTeam "Pennsylvania Duck Patrol"]
[BlackTeam "Pennsylvania Pawn Pushers"]

1. e4 e5 2. Nf3 a6 3. a3 Nc6 4. Bc4 Bc5 5. d3 Nf6 6. Ng5 O-O 7. b4 Bd6 8. 
c3 b5 9. Bb3 h6 10. Nxf7 Rxf7 11. Bxf7+ Kxf7 12. Qb3+ Kf8 13. h3 Qe8 14. 
Be3 Bb7 15. Nd2 Ne7 16. O-O-O Qf7 17. g4 Qxb3 18. Nxb3 Nc8 19. Na5 Rb8 20.
 Nxb7 Rxb7 21. f3 Ne7 22. h4 Ne8 23. g5 Ng6 24. gxh6 Kg8 25. Rdg1 Nf4 26. 
Kd2 Kh7 27. hxg7 Nxg7 28. d4 Nfh5 29. Rg5 Rb8 30. dxe5 Be7 31. Rg4 1-0

[Event "2015 REGULAR QUAD, S50239"]
[Site "CCLA"]
[Date "2015.05.29"]
[Round "?"]
[White "Smiley, William R."]
[Black "Strelecky, Rich"]
[Result "1/2-1/2"]
[WhiteElo "1613"]
[BlackElo "1670"]

1. e4 e5 2. Nf3 d5 3. Nc3 d4 4. Ne2 Nc6 5. d3 h6 6. Bd2 Bg4 7. Ng3 Qf6 8. 
Be2 Bb4 9. Bxb4 Nxb4 10. a3 Bxf3 11. Bxf3 Nc6 12. O-O O-O-O 13. b4 Qg5 14.
 Qb1 Kb8 15. a4 Qe7 16. b5 Na5 17. Nf5 Qg5 18. Qb4 b6 19. c4 g6 20. Ng3 
Qe7 21. Qb2 h5 22. Ne2 f5 23. Nc1 Nf6 24. Na2 fxe4 25. Bxe4 Nxe4 26. dxe4 
Nxc4 27. Qb4 Qxb4 28. Nxb4 Kb7 29. Ra2 d3 30. Rd1 Rd4 31. f3 d2 32. Kf2 
Rf8 33. Ke2 Rf6 34. Nc2 Rd7 35. Ne3 Nxe3 36. Kxe3 c5 37. bxc6+ Rxc6 38. 
Raxd2 Rxd2 39. Rxd2 Rc3+ 40. Rd3 Rc2 41. Rd2 Rc3+ 42. Rd3 Rc2 43. Rd2 
1/2-1/2

[Event "2015 NA Class D Ch - Rd 1 Sect 1, S50111"]
[Site "CCLA"]
[Date "2015.04.27"]
[Round "?"]
[White "Acebo, Brian"]
[Black "Martindale, Roger"]
[Result "1-0"]
[WhiteElo "1377"]
[BlackElo "1188"]

1. e4 e5 2. Nf3 d6 3. h3 a6 4. Bc4 h6 5. O-O c5 6. c3 Nf6 7. d3 Nc6 8. Be3
Na5 9. Bb3 Nxb3 10. Qxb3 b5 11. a3 a5 12. Nbd2 Ba6 13. Qc2 Qc7 14. Rfc1 d5
15. exd5 Nxd5 16. Nf1 Nxe3 17. Nxe3 Qd6 18. c4 a4 19. Rd1 Be7 20. Rac1 O-O
21. Nf5 Qd7 22. Nxe7+ Qxe7 23. cxb5 Bxb5 24. Qxc5 Rab8 25. Qxe7 Rfe8 26. 
Qc5 g6 27. Nxe5 Kg7 28. Qd4 f6 29. Nf3 g5 30. Qc5 Re6 31. Nd4 Re5 32. Qc7+
1-0

[Event "2015 Server Team Champ - Div 4, S54999"]
[Site "CCLA"]
[Date "2015.10.28"]
[Round "?"]
[White "Smiley, William R."]
[Black "Martindale, Roger"]
[Result "1-0"]
[WhiteElo "1613"]
[BlackElo "1174"]
[Board "4"]
[WhiteTeam "Norsemen"]
[BlackTeam "Pennsylvania Duck Patrol"]

1. e4 e5 2. Nf3 d6 3. h3 a6 4. Be2 Nf6 5. d3 c5 6. Bg5 Nc6 7. c3 h6 8. Be3
b5 9. O-O Be7 10. Nbd2 O-O 11. d4 exd4 12. cxd4 c4 13. d5 Nb4 14. a3 Nd3 
15. Bxd3 cxd3 16. Qb3 Bd7 17. Qxd3 Qe8 18. b4 Rc8 19. Nd4 g6 20. Bxh6 Nh5 
21. Bxf8 Bxf8 22. Ne2 Bg7 23. Rac1 Bh6 24. Rxc8 Bxc8 25. Nf3 Nf4 26. Nxf4 
Bxf4 27. Re1 Bd7 28. g3 Bh6 29. Kg2 Bg7 30. Qe3 f6 31. Nd4 g5 32. f4 g4 
33. h4 Kf7 34. f5 Qh8 35. Ne6 Qh6 36. Nxg7 Qxe3 37. Rxe3 Kxg7 38. Rc3 Be8 
39. Rc7+ Bf7 40. Rc6 Kf8 41. Rxd6 Ke7 42. Rxa6 Be8 43. Kf2 1-0

[Event "2015 NA Class D Ch - Rd 1 Sect 1, S50111"]
[Site "CCLA"]
[Date "2015.04.27"]
[Round "?"]
[White "Williams, Rufus H."]
[Black "Martindale, Roger"]
[Result "1-0"]
[WhiteElo "1309"]
[BlackElo "1188"]

1. e4 e5 2. Nf3 d6 3. h3 c5 4. Bc4 h6 5. d3 Nc6 6. a3 Nf6 7. O-O a6 8. Ba2
Be7 9. Nc3 O-O 10. Re1 b5 11. Nd5 Nxd5 12. exd5 Nd4 13. c3 f5 14. cxd4 
cxd4 15. b4 f4 16. Nxe5 dxe5 17. d6+ Kh7 18. dxe7 Qxe7 19. Bb2 Qd6 20. Rc1
Bb7 21. Rc5 Qg6 22. Qg4 Qxg4 23. hxg4 Rac8 24. Rexe5 f3 25. g3 Rxc5 26. 
Rxc5 Rd8 27. Kf1 Re8 28. Bd5 Bxd5 29. Rxd5 Re2 30. Rf5 Rxb2 31. Rxf3 Rb3 
32. Ke2 Rxa3 33. Rf4 Ra2+ 34. Kf3 a5 35. bxa5 Rxa5 36. Rxd4 Ra4 37. Rd6 
Ra3 38. Ke3 Ra8 39. Rb6 Re8+ 40. Kd2 Re5 41. d4 Rd5 42. Kd3 h5 43. gxh5 
Rxh5 44. Ke4 Rg5 45. d5 Rg4+ 46. Ke5 Rxg3 47. fxg3 1-0

[Event "2015 REGULAR QUAD, S50279"]
[Site "CCLA"]
[Date "2015.07.03"]
[Round "?"]
[White "Martindale, Roger"]
[Black "Rasmussen, Bruce A."]
[Result "0-1"]
[WhiteElo "1174"]
[BlackElo "1373"]

1. e4 e5 2. Nf3 d6 3. Bc4 Qe7 4. h3 Nf6 5. Nc3 g6 6. Ng5 d5 7. exd5 Bh6 8.
 d3 Bf5 9. Bb5+ c6 10. dxc6 bxc6 11. Bc4 O-O 12. h4 e4 13. Nxf7 exd3+ 14. 
Ne5+ Kg7 15. Bxh6+ Kxh6 16. Qd2+ Kg7 17. Bxd3 Qxe5+ 18. Be2 Ng4 19. f4 Qc5
20. Na4 Qf2+ 21. Kd1 Qxg2 22. Qc3+ Kh6 23. Rf1 Re8 24. Qf3 Ne3+ 25. Kd2 
Nxf1+ 26. Rxf1 Rxe2+ 27. Qxe2 Qd5+ 28. Kc1 Qxa2 29. b3 Na6 30. Kd2 Nb4 31.
 Qc4 Nxc2 32. Qxc6 Nd4+ 33. Kc3 Nxc6 0-1

[Event "2015 REGULAR QUAD, S50279"]
[Site "CCLA"]
[Date "2015.07.03"]
[Round "?"]
[White "Haase, F. Philip"]
[Black "Martindale, Roger"]
[Result "1-0"]
[WhiteElo "1813"]
[BlackElo "1174"]

1. e4 e5 2. Nf3 d6 3. d4 h6 4. dxe5 a6 5. exd6 cxd6 6. c4 Nc6 7. Nc3 Nf6 
8. Be2 Be7 9. O-O O-O 10. Qc2 Nb4 11. Qb3 a5 12. Rd1 Be6 13. Bf4 Nd7 14. 
Bxd6 Nc5 15. Bxc5 Qe8 16. Bd6 Rc8 17. a3 Rc6 18. Bxe7 Qxe7 19. axb4 Qxb4 
20. Qxb4 axb4 21. Nd5 Re8 22. Ra7 Bc8 23. Nd4 Ra6 24. Rxa6 bxa6 25. f3 a5 
26. Ra1 a4 27. Rxa4 Bd7 28. Ra7 Be6 29. c5 Bxd5 30. exd5 b3 31. c6 1-0

[Event "2015 REGULAR QUAD, S50279"]
[Site "CCLA"]
[Date "2015.07.03"]
[Round "?"]
[White "Mann, Wallace"]
[Black "Martindale, Roger"]
[Result "1-0"]
[WhiteElo "1532"]
[BlackElo "1174"]

1. e4 e5 2. Nf3 d6 3. d4 Be7 4. dxe5 h6 5. Bc4 c5 6. Bf4 g5 7. Bg3 Be6 8. 
Bxe6 fxe6 9. exd6 Qa5+ 10. Nc3 Bd8 11. Nd2 Nd7 12. Qh5+ Kf8 13. e5 Bb6 14.
 f4 gxf4 15. Rf1 Ndf6 16. Qg6 fxg3 17. exf6 gxh2 18. Qg7+ Ke8 19. f7+ 1-0

[Event "Summer Series, S50301"]
[Site "CCLA"]
[Date "2015.07.25"]
[Round "?"]
[White "Evans, Stanley W."]
[Black "Shannon, Paul D."]
[Result "1/2-1/2"]
[WhiteElo "1834"]
[BlackElo "1865"]

1. e4 e5 2. Nf3 d6 3. d4 exd4 4. Qxd4 Nf6 5. e5 dxe5 6. Qxe5+ Qe7 7. Qxe7+
Bxe7 8. Be2 Bf5 9. c3 Nbd7 10. Nbd2 O-O-O 11. Nd4 Bg6 12. O-O Rhe8 13. Nc4
Bc5 14. Be3 Nd5 15. Rad1 Nxe3 16. Nxe3 f5 17. g3 Nf6 18. Bf3 Bxd4 19. cxd4
Ne4 20. d5 Nd6 21. Kg2 Bf7 22. h4 g6 23. b3 Ne4 24. Rd3 c6 25. Rfd1 Bxd5 
26. Nxd5 Rxd5 27. Rxd5 cxd5 28. Rxd5 Nf6 29. Rc5+ 1/2-1/2

[Event "2015 NA Class D Ch - Rd 1 Sect 1, S50111"]
[Site "CCLA"]
[Date "2015.04.27"]
[Round "?"]
[White "Willis, John W."]
[Black "Martindale, Roger"]
[Result "0-1"]
[WhiteElo "1339"]
[BlackElo "1188"]

1. e4 e5 2. Nf3 d6 3. d4 exd4 4. Nxd4 a6 5. Bc4 c5 6. Nc3 cxd4 7. Nd5 b5 
8. Be2 Nc6 9. O-O Nf6 10. Bd3 Ne5 11. Re1 Nxd3 12. cxd3 h6 13. a4 Bb7 14. 
Bd2 Nd7 15. b3 Ne5 16. Bf4 g5 17. Bd2 Nxd3 18. Re2 Ne5 19. Rc1 d3 20. Re3 
Rc8 21. h3 bxa4 22. bxa4 Rxc1 23. Bxc1 a5 24. Bb2 Bxd5 25. exd5 f6 26. Re1
Kf7 27. Bxe5 dxe5 28. Qxd3 Bb4 29. Rd1 Qd7 30. d6 Kg7 31. Qb5 Qxb5 32. 
axb5 Ra8 33. d7 Be7 34. b6 Bd8 35. b7 Rb8 36. Rb1 Kf7 37. Rc1 Rxb7 38. Rd1
Ke7 39. Kf1 a4 40. Ke2 a3 41. g3 Rxd7 42. Rc1 Ra7 43. Ke3 a2 44. Ke4 Bb6 
45. f4 Bd4 46. h4 a1=Q 47. Rxa1 Rxa1 48. hxg5 hxg5 49. fxg5 fxg5 50. g4 
Ke6 51. Kf3 Re1 52. Kg2 e4 53. Kh3 e3 54. Kg2 e2 55. Kf3 Ke5 56. Kg2 Rd1 
57. Kf3 e1=Q 58. Kg2 Qh4 59. Kf3 Qf2# 0-1

[Event "Summer Series, S50301"]
[Site "CCLA"]
[Date "2015.07.25"]
[Round "?"]
[White "Anderson, Clarence"]
[Black "Shannon, Paul D."]
[Result "0-1"]
[WhiteElo "1717"]
[BlackElo "1865"]

1. e4 e5 2. Nf3 d6 3. d4 exd4 4. Nxd4 Nf6 5. Nc3 Be7 6. g3 O-O 7. Bg2 Nbd7
8. Nf5 Re8 9. Nxe7+ Qxe7 10. O-O Nf8 11. Bg5 c6 12. f4 h6 13. Bxf6 Qxf6 
14. Qf3 Be6 15. b3 Rad8 16. Rad1 Bc8 17. Rfe1 Bg4 18. Qxg4 Qxc3 19. Rc1 
Ne6 20. Qd1 Nc7 21. a4 d5 22. exd5 Qc5+ 23. Kf1 Rxe1+ 24. Qxe1 Nxd5 25. 
Qf2 Ne3+ 26. Kg1 Qc3 27. Qe1 Rd2 28. Bh3 g6 29. Kh1 Qd4 0-1

[Event "2015 NA Class A Ch Finals, S50179"]
[Site "CCLA"]
[Date "2015.04.27"]
[Round "?"]
[White "Ramsden, Jim E."]
[Black "Shannon, Paul D."]
[Result "1-0"]
[WhiteElo "1819"]
[BlackElo "1815"]

1. e4 e5 2. Nf3 d6 3. d4 Nf6 4. dxe5 Nxe4 5. Qd5 Nc5 6. Bg5 Qd7 7. exd6 
Bxd6 8. Nc3 Qe6+ 9. Qxe6+ Nxe6 10. Bh4 Bb4 11. O-O-O Bxc3 12. bxc3 O-O 13.
 Nd4 Re8 14. Bc4 Nd7 15. Rhe1 Ndf8 16. Bb5 c6 17. Nxc6 Bd7 18. Nd4 Bxb5 
19. Nxb5 f6 20. Nd4 Nc5 21. f3 Ng6 22. Bg3 a6 23. Nf5 Rxe1 24. Rxe1 b5 25.
 Bd6 Na4 26. Re3 Nb6 27. Re6 Nc4 28. Bg3 Kf7 29. Rc6 Ne7 30. Rc7 Re8 31. 
Bd6 g6 32. Nxe7 Nxd6 33. Nf5+ 1-0

[Event "2015 NA Class D Ch - Rd 1 Sect 2, S50121"]
[Site "CCLA"]
[Date "2015.04.27"]
[Round "?"]
[White "Gunning, Edward E."]
[Black "Cain, Larry F."]
[Result "1-0"]
[WhiteElo "1443"]
[BlackElo "1325"]

1. e4 e5 2. Nc3 Nf6 3. Nf3 d6 4. d4 c6 5. d5 a6 6. Be2 Be7 7. O-O O-O 8. 
Bc4 Bg4 9. h3 Bh5 10. Be2 cxd5 11. exd5 Nbd7 12. Bd3 b5 13. g4 Bxg4 14. 
hxg4 Nxg4 15. Kg2 Bh4 16. Rh1 Nxf2 17. Bxh7+ Kh8 18. Rxh4 Nxd1 19. Bg5 f6 
20. Rxd1 fxg5 21. Rh5 Qf6 22. Bf5+ Kg8 23. Rxg5 Rfd8 24. Rh1 Nf8 25. Ne4 
Qe7 26. Rh6 Qc7 27. Nf6+ Kf7 28. Be6+ Nxe6 29. dxe6+ Kxe6 30. Ne8+ gxh6 
31. Nxc7+ Kd7 32. Rg7+ Kc6 33. Nxa8 Rxa8 34. Rh7 Rg8+ 35. Kf2 e4 36. Nd4+ 
Kd5 37. c3 Rf8+ 38. Ke3 Ke5 39. Rxh6 Re8 40. Rh4 Kd5 41. Nc2 a5 42. b4 a4 
43. Na3 Kc6 44. Rxe4 Rh8 45. Kd4 Rd8 46. Re6 Rc8 47. c4 Kd7 48. Kd5 bxc4 
49. Rxd6+ Ke7 50. Nxc4 Rxc4 51. Kxc4 Kxd6 52. Kb5 Kc7 53. Kxa4 Kb6 54. b5 
1-0

[Event "2015 Server Team Ch - Div 1, S51999"]
[Site "CCLA"]
[Date "2015.10.30"]
[Round "?"]
[White "Rivas Maceda, Juan"]
[Black "Delaney, Alan"]
[Result "1-0"]
[WhiteElo "2376"]
[BlackElo "2182"]
[Board "2"]
[WhiteTeam "SchemingMind A"]
[BlackTeam "SchemingMind B"]

1. e4 d6 2. d4 Nf6 3. Nc3 e5 4. Nf3 Nbd7 5. Bc4 Be7 6. O-O O-O 7. a4 c6 8.
 a5 Rb8 9. Re1 b5 10. axb6 axb6 11. b4 d5 12. b5 dxc4 13. bxc6 exd4 14. 
Bf4 dxc3 15. c7 Qe8 16. cxb8=Q Nxb8 17. Bxb8 Bb7 18. Bd6 Bxe4 19. Ng5 Bxd6
20. Qxd6 h6 21. Nxe4 Nxe4 22. Qd4 f5 23. f3 1-0

[Event "Winter Series, S50021"]
[Site "CCLA"]
[Date "2015.01.28"]
[Round "?"]
[White "Havrilla, Mark"]
[Black "Evans, Stanley W."]
[Result "1/2-1/2"]
[WhiteElo "1857"]
[BlackElo "1855"]

1. d4 d6 2. e4 Nf6 3. Nc3 e5 4. Nf3 Nbd7 5. Bc4 Be7 6. O-O O-O 7. a4 c6 8.
 h3 Qa5 9. Re1 b5 10. Bd3 b4 11. Ne2 Re8 12. Ng3 Bf8 13. dxe5 dxe5 14. Nd2
Nc5 15. Bf1 Be6 16. b3 Rad8 17. Qf3 Qc7 18. Nc4 Nb7 19. Bg5 Be7 20. Rad1 
a5 21. Nf5 Bxf5 22. Qxf5 Rxd1 23. Rxd1 Nc5 24. Qxe5 Qxe5 25. Nxe5 Ncxe4 
26. Bxf6 gxf6 27. Nd3 Bd8 28. Re1 1/2-1/2

[Event "2015 Server Team Champ - Div 4, S54999"]
[Site "CCLA"]
[Date "2015.10.28"]
[Round "?"]
[White "Fritsch, Josiah"]
[Black "Laaman, Thomas"]
[Result "0-1"]
[WhiteElo "1310"]
[BlackElo "1648"]
[Board "3"]
[WhiteTeam "Pennsylvania Duck Patrol"]
[BlackTeam "Pawntastics"]

1. e4 e5 2. Bc4 Nf6 3. Nf3 Nxe4 4. Nxe5 Qe7 5. Bxf7+ Kd8 6. d4 d6 7. Bd5 
Nf6 8. Bg5 dxe5 9. O-O exd4 10. Qxd4 Nbd7 11. Nc3 h6 12. Ne4 hxg5 13. Nxf6
Qxf6 14. Qe4 Bd6 15. Rfe1 Qe5 16. Qxe5 Bxe5 17. g3 Bxb2 18. Rab1 Bc3 19. 
Re3 Bd4 20. Re4 Bb6 21. Rbe1 Nf6 22. Re5 Ng4 23. Re7 Bxf2+ 24. Kf1 Bxe1 
25. Rxe1 Rf8+ 26. Kg2 Rf2+ 27. Kh3 Ne5+ 28. g4 Bxg4+ 29. Kg3 Re2 30. Rf1 
Ke7 31. Bxb7 Rf8 32. Rxf8 Kxf8 33. c4 Rxa2 34. h3 Bf3 35. Bxf3 Nxf3 36. 
Kxf3 Rc2 37. Kg4 Rxc4+ 38. Kxg5 a5 39. h4 a4 40. h5 a3 41. Kg6 a2 42. h6 
gxh6 43. Kxh6 Rc5 44. Kh7 a1=Q 45. Kh6 Qg7# 0-1

[Event "2015 Server Team Champ - Div 4, S54999"]
[Site "CCLA"]
[Date "2015.10.28"]
[Round "?"]
[White "Aravind, Vasudeva R."]
[Black "Latta, Richard W."]
[Result "0-1"]
[WhiteElo "1195"]
[BlackElo "1441"]
[Board "5"]
[WhiteTeam "Pennsylvania Pawn Pushers"]
[BlackTeam "Pawntastics"]

1. e4 e5 2. Nf3 Nf6 3. Nxe5 Qe7 4. d4 Nxe4 5. Qe2 d5 6. Nd2 Qb4 7. Nd3 Be7
8. c3 Qa5 9. Nxe4 O-O 10. Bd2 Bd7 11. Nec5 Bxc5 12. Nxc5 Re8 13. Be3 Bf5 
14. b4 Qa3 15. g3 Qxc3+ 16. Bd2 Qxa1+ 0-1

[Event "2015 Server Team Champ - Div 4, S54999"]
[Site "CCLA"]
[Date "2015.10.28"]
[Round "?"]
[White "Fisher Jr., Arthur"]
[Black "Lines, Daniel"]
[Result "1-0"]
[WhiteElo "1691"]
[BlackElo "1415"]
[Board "1"]
[WhiteTeam "Norsemen"]
[BlackTeam "Pennsylvania Duck Patrol"]

1. e4 e5 2. Nf3 Nf6 3. Nxe5 Nxe4 4. Qe2 d6 5. Qxe4 dxe5 6. Qxe5+ Qe7 7. 
Qxe7+ Bxe7 8. Be2 O-O 9. O-O Bf5 10. d3 Nc6 11. a3 Nd4 12. Bd1 Rad8 13. 
Nc3 a6 14. Be3 c5 15. Bxd4 cxd4 16. Ne4 Bd7 17. Re1 Bc6 18. Bf3 Rfe8 19. 
Nd2 Bxf3 20. Nxf3 Bf6 21. Rxe8+ Rxe8 22. Re1 Rxe1+ 23. Nxe1 h5 24. Nf3 b5 
25. b3 Kf8 26. Kf1 Ke7 27. Ke2 g5 28. Nd2 Ke6 29. Ne4 Be7 30. a4 bxa4 31. 
bxa4 a5 32. h3 f5 33. Nd2 Bb4 34. Nf3 Kf6 35. Nxd4 Ke5 36. Nc6+ Kd5 37. 
Nxb4+ axb4 38. a5 Kc5 39. a6 Kb6 40. a7 Kxa7 41. d4 Kb6 42. Kd3 Kb5 43. d5
Kc5 44. d6 1-0

[Event "2015 REGULAR QUAD, S50359"]
[Site "CCLA"]
[Date "2015.08.08"]
[Round "?"]
[White "Fullen, Peter J."]
[Black "Benson, Katie J."]
[Result "1-0"]
[WhiteElo "1359"]
[BlackElo "1199"]

1. e4 e5 2. Nf3 Nf6 3. Nxe5 d6 4. Nf3 Bg4 5. Nc3 Be7 6. Be2 O-O 7. h3 Bh5 
8. O-O Nc6 9. d4 d5 10. e5 Bxf3 11. exf6 Bxe2 12. fxe7 Qxe7 13. Qxe2 Qxe2 
14. Nxe2 Rfe8 15. Be3 f5 16. Ng3 g6 17. h4 Nb4 18. h5 Nxc2 19. Rac1 Nxe3 
20. fxe3 c6 21. Kf2 Re7 22. hxg6 hxg6 23. Rh1 Rh7 24. Rxh7 Rb8 25. Rch1 
Rf8 26. Rh8+ Kf7 27. R1h7+ Ke8 28. Rxf8+ Kxf8 29. Rxb7 a5 30. Kf3 Ke8 31. 
Kf4 1-0

[Event "2015 REGULAR QUAD, S50359"]
[Site "CCLA"]
[Date "2015.08.08"]
[Round "?"]
[White "Cantrell, Dennis"]
[Black "Shaffer, Aaron"]
[Result "0-1"]
[WhiteElo "1117"]
[BlackElo "1151"]

1. e4 e5 2. Nf3 Nf6 3. Nxe5 d6 4. Nf3 Nc6 5. Nc3 Bg4 6. Be2 d5 7. d3 dxe4 
8. dxe4 Qxd1+ 9. Bxd1 Bb4 10. Bd2 Nxe4 11. Nxe4 Rd8 12. O-O Bxd2 13. Nfxd2
Bf5 14. Re1 O-O 15. Bf3 Rfe8 16. Rad1 Nd4 0-1

[Event "2015 Server Team Ch - Div 1, S51999"]
[Site "CCLA"]
[Date "2015.10.30"]
[Round "?"]
[White "Weiss, Lester P."]
[Black "Parente, Antonio"]
[Result "1/2-1/2"]
[WhiteElo "2123"]
[BlackElo "2081"]
[Board "5"]
[WhiteTeam "Pennsylvania Keystones"]
[BlackTeam "SchemingMind B"]

1. e4 e5 2. Nf3 Nf6 3. Nxe5 d6 4. Nf3 Nxe4 5. Nc3 Nxc3 6. dxc3 Be7 7. Be3 
Nc6 8. Qd2 O-O 9. O-O-O Ne5 10. Kb1 Be6 11. Nd4 Bd7 12. h3 c5 13. Nb5 Qb6 
14. Nxd6 Be6 15. Ne4 Qc6 16. f3 Rad8 17. Qe2 Bc4 18. Qe1 Rxd1+ 19. Qxd1 f5
20. Nd2 Bf7 21. f4 Ng6 22. Qf3 Qxf3 23. Nxf3 Bd6 24. Ne5 Bxe5 25. fxe5 b6 
26. g3 Bd5 1/2-1/2

[Event "2015 REGULAR QUAD, S50219"]
[Site "CCLA"]
[Date "2015.05.11"]
[Round "?"]
[White "Klimushyn, Charles"]
[Black "Perry, William E."]
[Result "0-1"]
[WhiteElo "1156"]
[BlackElo "1440"]

1. e4 e5 2. Nf3 Nf6 3. Nxe5 d6 4. Nf3 Nxe4 5. Nc3 Nxc3 6. dxc3 Be7 7. Be3 
Nc6 8. Qd2 O-O 9. O-O-O Ne5 10. Be2 Ng4 11. Bd4 c5 12. h3 cxd4 13. hxg4 
dxc3 14. Qxc3 Bxg4 15. Qd3 g6 16. Nd4 Be6 17. Nxe6 fxe6 18. Qh3 Rf7 19. 
Qxe6 Bg5+ 0-1

[Event "Winter Series, S50041"]
[Site "CCLA"]
[Date "2015.01.28"]
[Round "?"]
[White "Smiley, William R."]
[Black "Berger, Byron"]
[Result "1/2-1/2"]
[WhiteElo "1587"]
[BlackElo "1511"]

1. e4 e5 2. Nf3 Nf6 3. Nxe5 d6 4. Nf3 Nxe4 5. d4 d5 6. Bd3 c5 7. O-O cxd4 
8. Nxd4 Nc6 9. Nxc6 bxc6 10. Bxe4 dxe4 11. Qxd8+ Kxd8 12. Nc3 f5 13. Bg5+ 
Kc7 14. Rfd1 Bd6 15. Be3 Ba6 16. a3 Rhd8 1/2-1/2

[Event "2015 NA Class A Ch Finals, S50179"]
[Site "CCLA"]
[Date "2015.04.27"]
[Round "?"]
[White "Clancey, James"]
[Black "Shannon, Paul D."]
[Result "1-0"]
[WhiteElo "2019"]
[BlackElo "1815"]

1. e4 e5 2. Nf3 Nf6 3. Nxe5 d6 4. Nf3 Nxe4 5. d4 d5 6. Bd3 Bd6 7. c3 O-O 
8. Nbd2 Re8 9. O-O Nd7 10. Re1 Ndf6 11. Nf1 c6 12. Qc2 Bd7 13. Ne5 h6 14. 
f3 Nc5 15. Nxf7 Kxf7 16. Bg6+ Kg8 17. Bxe8 Bxe8 18. dxc5 Bxc5+ 19. Be3 Bd6
20. Ng3 Qc7 21. Bd4 h5 22. Nf5 Bxh2+ 23. Kh1 Bd6 24. Bxf6 gxf6 25. Re6 Bf8
26. Rae1 Bf7 27. Rxf6 Re8 28. Rxe8 Bxe8 29. Qe2 Bf7 30. Qe3 b6 31. Qg5+ 
1-0

[Event "Pemier Quad, S50139"]
[Site "CCLA"]
[Date "2015.04.03"]
[Round "?"]
[White "Stroup, Jim"]
[Black "Fisher Jr., Arthur"]
[Result "1-0"]
[WhiteElo "2058"]
[BlackElo "1698"]

1. e4 e5 2. Nf3 Nf6 3. Nxe5 d6 4. Nf3 Nxe4 5. d4 d5 6. Bd3 Be7 7. O-O O-O 
8. Re1 Nd6 9. Bf4 Be6 10. c3 Nc6 11. Nbd2 h6 12. Qc2 Qd7 13. Re2 Bf5 14. 
Rae1 Bxd3 15. Qxd3 Qf5 16. Qxf5 Nxf5 17. Bxc7 Bd6 18. Bxd6 Nxd6 19. Ne5 
Rfe8 20. Ndf3 f6 21. Nxc6 bxc6 22. Re6 Rxe6 23. Rxe6 Rd8 24. Re2 Kf7 25. 
Ne1 Re8 26. Rxe8 Kxe8 27. Nd3 Ke7 28. f3 Nc4 29. Kf2 a5 30. a4 Nb6 31. b3 
Kd6 32. Nc5 Nd7 33. Nb7+ Kc7 34. Nxa5 c5 35. Ke3 Kb6 36. dxc5+ Kxa5 37. 
Kd4 Nb8 38. Kxd5 Na6 39. Kd6 Nb8 40. c6 1-0

[Event "Premier Quad, S50449"]
[Site "CCLA"]
[Date "2015.12.09"]
[Round "?"]
[White "Haase, F. Philip"]
[Black "Laaman, Thomas"]
[Result "1-0"]
[WhiteElo "1813"]
[BlackElo "1648"]

1. e4 e5 2. Nf3 Nf6 3. Nxe5 d6 4. Nf3 Nxe4 5. d4 d5 6. Bd3 Nc6 7. O-O Be7 
8. c4 Nf6 9. Re1 O-O 10. Nc3 Nb4 11. Bf1 dxc4 12. Bxc4 c6 13. Bf4 Bg4 14. 
Rc1 Bd6 15. Be5 Re8 16. Qb3 Be6 17. Bxf6 Qxf6 18. Bxe6 Rxe6 19. Ne4 Qe7 
20. Nxd6 Rxe1+ 21. Rxe1 Qxd6 22. Ne5 Qf8 23. a3 Nd5 24. Qxb7 Qe8 25. Kf1 
Rb8 26. Qa6 Rxb2 27. Nc4 1-0

[Event "2015 Server Team Champ - Div 4, S54999"]
[Site "CCLA"]
[Date "2015.10.28"]
[Round "?"]
[White "Hadley, Douglas R."]
[Black "Laaman, Thomas"]
[Result "1/2-1/2"]
[WhiteElo "1660"]
[BlackElo "1648"]
[Board "3"]
[WhiteTeam "Norsemen"]
[BlackTeam "Pawntastics"]

1. e4 e5 2. Nf3 Nf6 3. Nxe5 d6 4. Nf3 Nxe4 5. d4 d5 6. Bd3 Nc6 7. O-O Be7 
8. c4 Nf6 9. Nc3 O-O 10. h3 dxc4 11. Bxc4 Na5 12. Bd3 Be6 13. Bg5 Re8 14. 
Re1 c6 15. Rc1 Nc4 16. Qc2 h6 17. Bf4 Bd6 18. Be5 Nb6 19. a3 Nbd5 20. Ne4 
Nxe4 21. Bxe4 Nf6 22. Bd3 Bd5 23. Re3 Bxf3 24. Bxf6 Qxf6 25. Rxf3 Qxd4 26.
 Bh7+ Kf8 27. Bg6 Re7 28. Rd1 Qe5 29. g3 Rd8 30. Qc4 Rdd7 31. b4 Ke8 32. 
Kg2 Kf8 33. a4 Kg8 34. b5 Qc5 35. Qxc5 Bxc5 36. Rxd7 Rxd7 37. Rd3 Rxd3 
1/2-1/2

[Event "2015 Server Team Ch - Div 1, S51999"]
[Site "CCLA"]
[Date "2015.10.30"]
[Round "?"]
[White "Elburg, John"]
[Black "Edwards, K. E. D. G."]
[Result "1/2-1/2"]
[WhiteElo "2300"]
[BlackElo "2207"]
[Board "4"]
[WhiteTeam "SchemingMind A"]
[BlackTeam "Gustafson Winners"]

1. e4 e5 2. Nf3 Nf6 3. Nxe5 d6 4. Nf3 Nxe4 5. d4 d5 6. Bd3 Nc6 7. O-O Be7 
8. c4 Nf6 9. Nc3 O-O 10. h3 dxc4 11. Bxc4 Na5 12. Bd3 Be6 13. Bg5 h6 14. 
Bxf6 Bxf6 15. d5 Bd7 16. Qc2 b6 17. Rae1 c6 18. Rd1 cxd5 19. Nxd5 Bc6 20. 
Be4 Rc8 21. Bh7+ Kh8 22. Bf5 Bd7 23. Nc3 Rc7 24. Bxd7 Rxd7 25. Ne4 Be7 26.
 Ne5 Qc7 27. Qxc7 Rxc7 28. Rc1 Rb7 29. Rfd1 Kh7 30. Rd5 f6 31. Nf3 Re8 32.
 Nh4 Bf8 33. f3 Rf7 34. Nf5 Nb7 35. Rcd1 Kg8 36. g4 Rc8 37. a3 Rc2 38. b4 
Rb2 39. Kf1 Rb3 40. Rd7 g6 41. Nh4 f5 42. gxf5 gxf5 43. Ng3 Rb1 44. Kf2 
Rb2+ 45. R7d2 Rxd2+ 46. Rxd2 f4 47. Ngf5 a5 48. Rd4 Rf6 49. Rxf4 Nd6 50. 
Rg4+ Kf7 51. Ng3 Re6 52. a4 axb4 53. Rxb4 Nb7 54. Rf4+ Kg8 55. Nhf5 Nc5 
56. Rd4 Re8 57. Ne4 Ra8 58. Nc3 Ne6 59. Rc4 Kf7 60. f4 Rd8 61. Kf3 h5 62. 
Ke3 Nc5 63. Ke2 Ne6 64. Ne3 Be7 65. Ned5 Bc5 66. Kd3 Rg8 67. Ke4 Rg1 68. 
Ke5 Nd8 69. Nb5 Nc6+ 70. Ke4 Re1+ 71. Kf3 Rf1+ 72. Ke2 Rf2+ 73. Ke1 Ra2 
74. Nxb6 Bxb6 75. Rxc6 Ba5+ 76. Kf1 Rxa4 77. Nd6+ Ke6 78. Nb7+ Kd7 79. 
Nxa5 Rxa5 80. Rh6 Rf5 81. Kg2 Rxf4 1/2-1/2

[Event "2015 Server Team Ch - Div 1, S51999"]
[Site "CCLA"]
[Date "2015.10.30"]
[Round "?"]
[White "Sherwood, Alexander"]
[Black "Farkas, Lajos"]
[Result "1/2-1/2"]
[WhiteElo "2140"]
[BlackElo "2102"]
[Board "3"]
[WhiteTeam "BCCA Rooks"]
[BlackTeam "SchemingMind B"]

1. e4 e5 2. Nf3 Nf6 3. Nxe5 d6 4. Nf3 Nxe4 5. d4 d5 6. Bd3 Nc6 7. O-O Be7 
8. c4 Nb4 9. Be2 O-O 10. Nc3 Bf5 11. a3 Nxc3 12. bxc3 Nc6 13. Re1 dxc4 14.
 Bxc4 Bd6 15. Ng5 Qd7 16. Ne4 Rae8 17. Bd3 b6 18. h3 Bg6 19. Qa4 Re7 20. 
Bg5 Na5 21. Qxd7 Rxd7 22. f3 f6 23. Be3 c6 24. Re2 Bb8 25. Rae1 Rdd8 26. 
g4 c5 27. Kg2 cxd4 28. cxd4 Nc6 29. Bc4+ Bf7 30. Bxf7+ Kxf7 31. Rd2 Ne7 
32. Bf2 Ng6 33. Bg3 Nf4+ 34. Kh2 h5 35. h4 Rd5 36. Nc3 Ra5 37. d5 Rd8 38. 
Ne2 Nxe2 39. Rdxe2 Bxg3+ 40. Kxg3 hxg4 41. Re7+ Kg6 42. R1e4 gxf3 1/2-1/2